[Event "CZE-chT 1718"]
[Site "Czech Republic"]
[Date "2018.02.10"]
[Round "7.5"]
[White "Beil, Zdenek"]
[Black "Bednar, Marcel"]
[Result "0-1"]
[WhiteElo "2210"]
[BlackElo "2246"]
[PlyCount "122"]
[EventDate "2017.11.18"]
[EventType "team-tourn"]
[EventRounds "11"]
[EventCountry "CZE"]
[SourceTitle "EXT 2019"]
[Source "ChessBase"]
[SourceDate "2018.10.10"]
[SourceVersion "1"]
[SourceVersionDate "2018.10.10"]
[SourceQuality "1"]
[WhiteTeam "Tatran Litovel"]
[BlackTeam "Lysa nad Labem II"]
[WhiteTeamCountry "CZE"]
[BlackTeamCountry "CZE"]

1. d4 Nf6 2. Nf3 g6 3. c4 c5 4. d5 b5 5. cxb5 a6 6. bxa6 Bxa6 7. Nc3 d6 8. g3 Bg7 9. Bg2 0-0 10. 0-0 Nbd7 11. h3 Qa5 12. Re1 Rfb8 13. e4 Ne8 14. Qc2 Nc7 15. Bd2 Ra7 16. Na4 Qb5 17. Bf1 Qb7 18. Rab1 Bxf1 19. Rxf1 Nb5 20. Rbd1 Qa8 21. b3 Na3 22. Qd3 c4 23. Qe3 Nc2 24. Qf4 cxb3 25. axb3 Rxb3 26. Rc1 Rc7 27. Nc3 Bxc3 28. Rxc2 Be5 29. Rxc7 Bxf4 30. Bxf4 Qd8 31. Rfc1 Nc5 32. Nd4 Rxg3+ 33. Bxg3 Qxc7 34. Nb3 Qc8 35. Kg2 f5 36. Nxc5 dxc5 37. e5 c4 38. d6 g5 39. f3 c3 40. Rc2 exd6 41. exd6 f4 42. Be1 Qe6 43. d7 Qxd7 44. Rxc3 Qb7 45. Bf2 Kf7 46. Rc5 Kg6 47. h4 h6 48. hxg5 hxg5 49. Rc4 Kf5 50. Rc5+ Kf6 51. Rc4 Ke6 52. Bg1 Qd5 53. Rc5 Qa2+ 54. Bf2 g4 55. fxg4 Qe2 56. g5 Qe4+ 57. Kf1 f3 58. Rc3 Kf5 59. Be3 Qb1+ 60. Bc1 Kg4 61. Ke1 Kg3 0-1

[Event "Oberliga Ost-A 1617"]
[Site "Germany"]
[Date "2017.04.23"]
[Round "9.3"]
[White "Bednar, Marcel"]
[Black "Boehnisch, Manfred"]
[Result "1/2-1/2"]
[WhiteElo "2282"]
[BlackElo "2302"]
[PlyCount "43"]
[EventDate "2016.10.16"]
[EventType "team-tourn"]
[EventRounds "11"]
[EventCountry "GER"]
[SourceTitle "EXT 2018"]
[Source "ChessBase"]
[SourceDate "2017.10.13"]
[SourceVersion "1"]
[SourceVersionDate "2017.10.13"]
[SourceQuality "1"]
[WhiteTeam "Magdeburg Rochade"]
[BlackTeam "Leipzig SG"]
[WhiteTeamCountry "GER"]
[BlackTeamCountry "GER"]

1. Nf3 d5 2. g3 c6 3. Bg2 Bf5 4. d3 Nd7 5. Nbd2 e5 6. e4 dxe4 7. dxe4 Be6 8. Qe2 f6 9. 0-0 Bc5 10. Rd1 Ne7 11. Nc4 0-0 12. Be3 Bxe3 13. Nxe3 Qb6 14. c3 Rfd8 15. Nh4 a5 16. Nhf5 Nxf5 17. exf5 Bf7 18. Nc4 Qa6 19. Bf1 Nc5 20. b3 b5 21. Rxd8+ Rxd8 22. Rd1 1/2-1/2

[Event "CZE-chT 1617"]
[Site "Czech Republic"]
[Date "2017.01.29"]
[Round "6.4"]
[White "Bednar, Marcel"]
[Black "Konopka, Michal"]
[Result "0-1"]
[WhiteElo "2282"]
[BlackElo "2398"]
[PlyCount "60"]
[EventDate "2016.10.08"]
[EventType "team-tourn"]
[EventRounds "11"]
[EventCountry "CZE"]
[SourceTitle "CBM 177 Extra"]
[Source "ChessBase"]
[SourceDate "2017.04.27"]
[SourceVersion "1"]
[SourceVersionDate "2017.04.27"]
[SourceQuality "1"]
[WhiteTeam "Lysa nad Labem II"]
[BlackTeam "Pardubice"]
[WhiteTeamCountry "CZE"]
[BlackTeamCountry "CZE"]

1. d4 d5 2. Nf3 c6 3. c4 e6 4. Qb3 Nf6 5. Bg5 Be7 6. g3 0-0 7. Bg2 a5 8. a4 b6 9. 0-0 Ba6 10. Nbd2 Nbd7 11. Rfe1 Bb4 12. e4 h6 13. Bxf6 Nxf6 14. Re3 Rc8 15. Rd1 Qc7 16. Qa2 Rfd8 17. h3 dxc4 18. Nxc4 c5 19. d5 Nxe4 20. Nxb6 Qxb6 21. Rxe4 Bb7 22. Ne5 Bxd5 23. Rxb4 Bxa2 24. Rxb6 Rxd1+ 25. Kh2 Rc7 26. Be4 g6 27. b3 Re1 28. Ng4 f5 29. Rxe6 Rxe4 30. Rxg6+ Kh7 0-1

[Event "Oberliga Ost-A 1516"]
[Site "Germany"]
[Date "2016.04.09"]
[Round "10.3"]
[White "Gungl, Theo"]
[Black "Bednar, Marcel"]
[Result "1-0"]
[WhiteElo "2131"]
[BlackElo "2264"]
[PlyCount "120"]
[EventDate "2015.09.20"]
[EventType "team-tourn"]
[EventRounds "11"]
[EventCountry "GER"]
[SourceTitle "EXT 2017"]
[Source "ChessBase"]
[SourceDate "2016.10.25"]
[SourceVersion "1"]
[SourceVersionDate "2016.10.25"]
[SourceQuality "1"]
[WhiteTeam "Dresden TU II"]
[BlackTeam "Magdeburg Rochade"]
[WhiteTeamCountry "GER"]
[BlackTeamCountry "GER"]

1. e4 Nf6 2. e5 Nd5 3. d4 d6 4. c4 Nb6 5. exd6 exd6 6. Nc3 Be7 7. h3 Bf5 8. Nf3 Qd7 9. Be3 0-0 10. Be2 Re8 11. 0-0 Qe6 12. d5 Qg6 13. Kh1 c5 14. dxc6 bxc6 15. Nd4 Bd7 16. Bd3 Qf6 17. Qc2 Qh4 18. Nce2 Bg4 19. Ng3 g6 20. Kg1 Bd7 21. Nf3 Qf6 22. Rae1 Qg7 23. Bd4 Qf8 24. Nh5 Qh6 25. Ng7 Na6 26. Nxe8 Rxe8 27. a3 Nc5 28. Re3 Nxd3 29. Qxd3 Be6 30. Bxb6 axb6 31. Nd4 Bg5 32. Re2 Bd7 33. Rxe8+ Bxe8 34. Qe4 Bd7 35. Nxc6 Be6 36. b3 Qf8 37. Nd4 Bd7 38. Qb7 Qd8 39. Re1 Bc8 40. Qc6 Kf8 41. Nb5 Bf4 42. Rd1 Bf5 43. Qf3 Be5 44. Nd4 Bd7 45. Nc6 Bxc6 46. Qxc6 Kg7 47. b4 Qg5 48. Qxb6 Qf4 49. Qc6 Qh2+ 50. Kf1 Bb2 51. a4 Ba3 52. b5 Bc5 53. Qe4 f5 54. Qf3 Qe5 55. a5 Qb2 56. Qe2 Qb4 57. b6 Qxa5 58. b7 Qb4 59. Qe7+ Kh6 60. Qf8+ Kh5 1-0

[Event "CZE-chT2C 1516"]
[Site "Czech Republic"]
[Date "2016.04.03"]
[Round "10.4"]
[White "Bednar, Marcel"]
[Black "Pospisil, Evzen"]
[Result "1-0"]
[WhiteElo "2291"]
[BlackElo "2123"]
[PlyCount "129"]
[EventDate "2015.10.18"]
[EventType "team-tourn"]
[EventRounds "11"]
[EventCountry "CZE"]
[SourceTitle "EXT 2022"]
[Source "ChessBase"]
[SourceDate "2021.10.06"]
[SourceVersion "1"]
[SourceVersionDate "2021.10.06"]
[SourceQuality "1"]
[WhiteTeam "Lysa nad Labem III"]
[BlackTeam "Praha Vrsovice"]
[WhiteTeamCountry "CZE"]
[BlackTeamCountry "CZE"]

1. d4 Nf6 2. c4 e6 3. Nf3 c5 4. d5 exd5 5. cxd5 d6 6. Nc3 g6 7. g3 Bg7 8. Bg2 0-0 9. 0-0 Na6 10. Nd2 Nc7 11. a4 b6 12. Nc4 Ba6 13. Qb3 Bxc4 14. Qxc4 a6 15. Ra3 Rb8 16. b4 b5 17. axb5 Nxb5 18. Nxb5 axb5 19. Qh4 Nd7 20. Bg5 Qc7 21. bxc5 Nxc5 22. g4 b4 23. Rh3 h6 24. Bxh6 f6 25. Bf4 Kf7 26. Qg3 Rb6 27. Bh6 Rh8 28. Bxg7 Kxg7 29. g5 f5 30. Rb1 Qe7 31. Rxh8 Kxh8 32. Rxb4 Rxb4 33. Qc3+ Kh7 34. Qxb4 Qxg5 35. h4 Qc1+ 36. Kh2 Qa1 37. Qf4 Qe5 38. Qxe5 dxe5 39. d6 Kg7 40. Bd5 Kf6 41. Kg3 Ne6 42. e3 Nf8 43. f3 Nd7 44. Kf2 Nb6 45. Bb3 Kg7 46. Ke2 Kf8 47. Kd3 Ke8 48. Be6 Nd7 49. Kc4 Nf6 50. Kc5 e4 51. f4 Ng4 52. Kd4 Nh6 53. Bc4 Kd7 54. Kd5 Ng4 55. Bb5+ Kd8 56. Kd4 Nh2 57. Kd5 Ng4 58. Ke6 Nxe3 59. Kf6 Nd5+ 60. Kxg6 Nc3 61. Bc4 Kd7 62. h5 e3 63. h6 Nd5 64. h7 Nxf4+ 65. Kxf5 1-0